<?xml version="1.0" encoding="UTF-8"?><?xml-stylesheet type="text/xsl" href="static/style.xsl"?><OAI-PMH xmlns="http://www.openarchives.org/OAI/2.0/" xmlns:xsi="http://www.w3.org/2001/XMLSchema-instance" xsi:schemaLocation="http://www.openarchives.org/OAI/2.0/ http://www.openarchives.org/OAI/2.0/OAI-PMH.xsd"><responseDate>2026-04-14T06:45:21Z</responseDate><request verb="GetRecord" identifier="oai:www.recercat.cat:2117/375139" metadataPrefix="marc">https://recercat.cat/oai/request</request><GetRecord><record><header><identifier>oai:recercat.cat:2117/375139</identifier><datestamp>2025-07-17T16:18:23Z</datestamp><setSpec>com_2072_1033</setSpec><setSpec>col_2072_452951</setSpec></header><metadata><record xmlns="http://www.loc.gov/MARC21/slim" xmlns:dcterms="http://purl.org/dc/terms/" xmlns:xsi="http://www.w3.org/2001/XMLSchema-instance" xmlns:doc="http://www.lyncode.com/xoai" xsi:schemaLocation="http://www.loc.gov/MARC21/slim http://www.loc.gov/standards/marcxml/schema/MARC21slim.xsd">
   <leader>00925njm 22002777a 4500</leader>
   <datafield ind2=" " ind1=" " tag="042">
      <subfield code="a">dc</subfield>
   </datafield>
   <datafield ind2=" " ind1=" " tag="720">
      <subfield code="a">Llongueras Aparicio, Carles</subfield>
      <subfield code="e">author</subfield>
   </datafield>
   <datafield ind2=" " ind1=" " tag="260">
      <subfield code="c">2022-06-29</subfield>
   </datafield>
   <datafield ind2=" " ind1=" " tag="520">
      <subfield code="a">En aquest projecte ens hem proposat desenvolupar un sistema de visualització de dades en forma de gràfica en un entorn 3D per facilitar la comprensió d'aquestes dades per a qualsevol usuari. Per fer-ho, hem creat una aplicació de creació de gràfiques en 3D mitjançant tecnologies de realitat virtual immersiva, fent ús del motor de creació de videojocs Unity3D i de diferents perifèrics necessaris per executar l'aplicació, com per exemple el casc de realitat virtual HTC Vive Pro Eye. L'aplicació permet crear fins a un total de tres tipus de gràfiques diferents (de punts, de línies i de barres) i personalitzar-ne diferents aspectes. Les dades entren al sistema mitjançant un fitxer .CSV i l'aplicació està preparada per acceptar dades tant numèriques com categòriques. Per validar l'aplicació i ampliar la recerca prèvia hem dut a terme tests d'usuaris, que ens han permès valorar la percepció dels diferents valors de les gràfiques de barres en un entorn de realitat virtual immersiva. Els resultats ens han permès valorar diferent informació sobre la percepció dels usuaris, els errors que han comes, l'evolució dels errors segons el temps, la gravetat dels errors que cometien, la distribució de les mitjanes dels errors, la desviació estàndard dels errors, la mediana dels errors i tota la informació possible sobre la mirada dels usuaris durant tot l'experiment. En conclusió, hem pogut comprovar que aquesta aplicació ens permet mostrar de manera correcta les dades en una gràfica de dades en realitat virtual 3D immersiva.</subfield>
   </datafield>
   <datafield ind2=" " ind1=" " tag="520">
      <subfield code="a">In this project, we have developed a data visualisation system in terms of graphics in a 3D environment to facilitate the comprehension of the data for any user. To do so, we implemented a 3D graphics creation application using immersive virtual reality applications, making use of the video game tools like Unity3D and different accessories that are needed to run our application, as for instance, the virtual reality helmet HTC Vive Pro Eye. The application allows the creation of three different graphic types (dot, lines and bar) and to custom several aspects of them. The input data is provided as a .CSV file and the application is prepared to accept either numeric or categorical data. To validate our application and extend previous research we have done user test that have allowed to validate the perception of different values on the bar plots in the immersive virtual reality environment. The results allowed us to consider information about the perception of the users, the errors, the evolution of the errors according to the time, the strength of these errors, its mean, standard deviation and median distribution and all the information of the eye tracking of the user during the whole experiment. In conclusion, we have been able to check that this application shows properly the data in a 3D immersive virtual reality environment</subfield>
   </datafield>
   <datafield tag="653" ind2=" " ind1=" ">
      <subfield code="a">Àrees temàtiques de la UPC::Informàtica::Sistemes d'informació::Emmagatzematge i recuperació de la informació</subfield>
   </datafield>
   <datafield tag="653" ind2=" " ind1=" ">
      <subfield code="a">Three-dimensional display systems</subfield>
   </datafield>
   <datafield tag="653" ind2=" " ind1=" ">
      <subfield code="a">Information visualization</subfield>
   </datafield>
   <datafield tag="653" ind2=" " ind1=" ">
      <subfield code="a">Virtual reality</subfield>
   </datafield>
   <datafield tag="653" ind2=" " ind1=" ">
      <subfield code="a">Realitat virtual immersiva</subfield>
   </datafield>
   <datafield tag="653" ind2=" " ind1=" ">
      <subfield code="a">Unity3D</subfield>
   </datafield>
   <datafield tag="653" ind2=" " ind1=" ">
      <subfield code="a">Gràfiques</subfield>
   </datafield>
   <datafield tag="653" ind2=" " ind1=" ">
      <subfield code="a">Tests d'usuari</subfield>
   </datafield>
   <datafield tag="653" ind2=" " ind1=" ">
      <subfield code="a">Correcta percepció</subfield>
   </datafield>
   <datafield tag="653" ind2=" " ind1=" ">
      <subfield code="a">Immersive virtual reality</subfield>
   </datafield>
   <datafield tag="653" ind2=" " ind1=" ">
      <subfield code="a">Charts</subfield>
   </datafield>
   <datafield tag="653" ind2=" " ind1=" ">
      <subfield code="a">User tests</subfield>
   </datafield>
   <datafield tag="653" ind2=" " ind1=" ">
      <subfield code="a">Correct perception</subfield>
   </datafield>
   <datafield tag="653" ind2=" " ind1=" ">
      <subfield code="a">Visualització tridimensional (Informàtica)</subfield>
   </datafield>
   <datafield tag="653" ind2=" " ind1=" ">
      <subfield code="a">Visualització de la informació</subfield>
   </datafield>
   <datafield tag="653" ind2=" " ind1=" ">
      <subfield code="a">Realitat virtual</subfield>
   </datafield>
   <datafield ind2="0" ind1="0" tag="245">
      <subfield code="a">Visualització de dades en entorns 3D</subfield>
   </datafield>
   <datafield ind2="0" ind1="0" tag="245">
      <subfield code="a">Data Visualization in 3D environments</subfield>
   </datafield>
</record></metadata></record></GetRecord></OAI-PMH>